Tinh hoa giao tiếp : 33 bước cầu nhân

Shranjeno v:
Bibliografske podrobnosti
Format: Knjiga
Jezik:Undetermined
Izdano: Thanh Hóa Thanh Hóa 2003
Teme:
Oznake: Označite
Brez oznak, prvi označite!
Thư viện lưu trữ: Trung tâm Học liệu Trường Đại học Cần Thơ
LEADER 00535nam a2200169Ia 4500
001 CTU_53632
008 210402s9999 xx 000 0 und d
020 |b 35000 
082 |a 158.2 
082 |b B100 
245 0 |a Tinh hoa giao tiếp : 33 bước cầu nhân 
245 0 |c Biên dịch Hồng Khanh, Hữu Trác và Việt Hà 
260 |a Thanh Hóa 
260 |b Thanh Hóa 
260 |c 2003 
650 |a interpersonal relations,social interaction 
980 |a Trung tâm Học liệu Trường Đại học Cần Thơ